000 00771nam a2200217Ia 4500
003 OSt
005 20260224151048.0
008 221004b |||||||| |||| 00| 0 hin d
020 _a9789352295111 (hbk)
037 _cTextual
040 _aCRL
_cCRL
_bhin
041 _2hin
_ahin
100 _aरविकान्त, ले.
245 0 _aमीडिया की भाषा-लीला
246 _aMīḍiyā kī bhāṣhā-līlā
260 _aनई दिल्ली
_bवाणी प्रकाशन भारत
_c2016
300 _a179पृ0
_ccm.
650 _aपत्रकारिता
942 _h4 152Q6
_cTEXL
_2cc
999 _c1021555
_d1021555